Connections Quiz #1 - Statistics

General Stats
  • This quiz has been taken 162 times
  • The average score is 6 of 15
Answer Stats
Words Connection % Correct
King, Queen, Jack Cards
87%
FIghter, Extinguisher, Camp Fire
72%
Paris, Berlin, Manila Capitals
67%
Toto, Madagascar, South Africa
61%
Hover, Skate, Surf Board
60%
Man, Bowl, Mario Super
54%
Obsidian, Coal, Pitch Black
50%
Fork, Up, Ski Lift
43%
Aerial, Spades, Attorney Ace
21%
Radio, Youtube, Game Video
21%
Poison, Queen, Heart Bands
19%
Entertainment, Down, Solar System
16%
Gold, Silver, Cat Fish
15%
Gauntlet, Salamander, Gumshoe Games
6%
Browser, Screen, Worm Silk
1%
No matching quizzes found
Score Distribution
Percent of People with Each Score
Percentile by Number Answered
Your Score History
You have not taken this quiz